| 000 | 00443nam a2200181Ia 4500 | ||
|---|---|---|---|
| 001 | 10705 | ||
| 003 | IN-NITTTR | ||
| 005 | 20251114233100.0 | ||
| 008 | 251113s9999||||xx |||||||||||||| ||eng|| | ||
| 040 | _beng | ||
| 040 | _cIN-NITTTR | ||
| 041 | _aeng | ||
| 082 | _a370 G219T | ||
| 100 | _aCarnoy, Martin | ||
| 245 | 4 |
_aThe limit of educational reforms / _cCarnoy, Martin, Levin, Henry M. |
|
| 700 | _a Levin, Henry M. | ||
| 942 |
_2ddc _cBK |
||
| 999 |
_c13341 _d13341 |
||